| 000 | 00978cam a22002651 4500 | ||
|---|---|---|---|
| 001 | f 13000048 | ||
| 003 | DLC | ||
| 005 | 20260227111248.0 | ||
| 007 | cr_||||||||||| | ||
| 008 | 771117s1913 wauafd f000 0beng c | ||
| 010 | _af 13000048 | ||
| 035 | _a(OCoLC)3425785 | ||
| 040 |
_aU. S. Bureau of fish. Library _cNhD _dDLC |
||
| 042 | _apremarc | ||
| 050 | 0 | 0 |
_aSH365.A4 _bM7 |
| 100 | 1 |
_aMoore, Henry Frank, _d1867- |
|
| 245 | 1 | 0 |
_aCondition and extent of the natural oyster beds and barren bottoms of Mississippi sound, Alabama. _cBy H. F. Moore. |
| 260 |
_aWashington, _bGovt. print. off., _c1913. |
||
| 300 |
_a1 p. l., 61 p. _billus., v pl., fold. chart. _c25 cm. |
||
| 490 | 0 | _a[U. S.] Bureau of fisheries. Doc. 769 | |
| 500 | _aAt head of title: Department of commerce and labor. | ||
| 530 | _aAlso available in digital form on the Internet Archive Web site. | ||
| 650 | 0 |
_aOyster culture _zAlabama. |
|
| 856 | 4 | 1 | _uhttp://hdl.loc.gov/loc.gdc/scd0001.00028966817 |
| 999 |
_c23204 _d23204 |
||